| 000 -LEADER |
| fixed length control field |
00523nam a22001577a 4500 |
| 020 ## - INTERNATIONAL STANDARD BOOK NUMBER |
| ISBN |
9783030963361 |
| 022 ## - INTERNATIONAL STANDARD SERIAL NUMBER |
| ISSN |
18769896 |
| 082 ## - DEWEY DECIMAL CLASSIFICATION NUMBER |
| Classification number |
531.3 |
| Item number |
Y436 2022 |
| 100 ## - MAIN ENTRY--AUTHOR NAME |
| Personal name |
Yehia, Hamad M., author. |
| 245 ## - TITLE STATEMENT |
| Title |
Rigid body dynamics : a lagrangian approach / Hamad M. Yehia. |
| 260 ## - PUBLICATION, DISTRIBUTION, ETC. (IMPRINT) |
| Place of publication |
Cham, Switzerland : |
| Name of publisher |
Springer Nature Switzerland, |
| Year of publication |
2022. |
| 300 ## - PHYSICAL DESCRIPTION |
| Number of Pages |
1 online resource, xxv, 460 pages : |
| Other physical details |
illustrations (some color). |
| 500 ## - GENERAL NOTE |
| General note |
Includes bibliographic references. |
| 650 ## - SUBJECT ADDED ENTRY--TOPICAL TERM |
| Topical Term |
Dynamic -- Rigid |
| 942 ## - ADDED ENTRY ELEMENTS (KOHA) |
| Koha item type |
Electronic Books |